Zárobková činnosť študentov

Ak študent dovŕši 15 rokov veku a skončí povinnú školskú dochádzku, môže zárobkovú činnosť vykonávať ako zamestnanec v pracovnoprávnom vzťahu na základe pracovnej zmluvy alebo niektorej z dohôd o prácach vykonávaných mimo pracovného pomeru v súlade so Zákonníkom práce. V praxi je najbežnejší výkon č...

Descripción completa

Guardado en:
Detalles Bibliográficos
Autor principal: Gášpárová, Eva
Formato: Capítulo de libro
Lenguaje:eslovaco
Materias:
Etiquetas: Agregar Etiqueta
Sin Etiquetas, Sea el primero en etiquetar este registro!

MARC

LEADER 00000naa a2200000 4500
001 0246472
005 20180718111804.4
041 0 |a slo 
044 |a SK 
245 1 0 |a Zárobková činnosť študentov  |c Eva Gášpárová 
520 |a Ak študent dovŕši 15 rokov veku a skončí povinnú školskú dochádzku, môže zárobkovú činnosť vykonávať ako zamestnanec v pracovnoprávnom vzťahu na základe pracovnej zmluvy alebo niektorej z dohôd o prácach vykonávaných mimo pracovného pomeru v súlade so Zákonníkom práce. V praxi je najbežnejší výkon činnosti na základe dohody o brigádnickej činnosti študentov, z ktorej študent neplatí poistné na zdravotné poistenie a do výšky 200 eur mesačne si môže uplatniť úľavu na dôchodkové poistenie. Ak študent dosiahne plnoletosť, môže zárobkovú činnosť vykonávať ako podnikateľ alebo samostatne zárobkovo činná osoba. Z hľadiska platenia poistného na sociálne a zdravotné poistenie má študent rovnaké postavenie ako ostatné podnikajúce fyzické osoby. 
610 2 0 |a študenti 
610 2 0 |a práca 
610 2 0 |a pomer pracovný 
610 2 0 |a dohody pracovné 
610 2 0 |a zamestnanci 
610 2 0 |a zamestnávatelia 
610 2 0 |a poistenie sociálne 
610 2 0 |a poistenie zdravotné 
610 2 0 |a osoby samostatne zárobkovo činné 
610 2 0 |a podnikanie 
610 2 0 |a dane z príjmov 
610 2 0 |a legislatíva 
100 1 |a Gášpárová, Eva